Psicp̤atas, socip̤atas y antisociales Un estudio de las mentes criminales /

Detalles Bibliográficos
Autor principal: Homs Sanz de la Garza, Joaquim
Formato: eBook
Lenguaje:español
Publicado: Barcelona: J.M. Bosch Editor, 2020
Materias:
Acceso en línea:Acceso restringido

MARC

LEADER 00000nam a22000007a 4500
005 20220519232848.0
007 cr|||| ||||
008 220519s2020 es |||||s|||| 00||0 spa d
020 |a 978-84-122700-1-3 
035 |a 35768 
040 |a vLex 
090 |c 13378  |d 13378 
100 1 |a Homs Sanz de la Garza, Joaquim 
245 1 0 |a Psicp̤atas, socip̤atas y antisociales  |h [Recurso electrn̤ico] :  |b Un estudio de las mentes criminales /  |c Joaquim Homs Sanz de la Garza 
256 |a Servicio en ln̕ea 
260 |a Barcelona:  |b J.M. Bosch Editor,  |c 2020 
300 |a 1 recurso electrn̤ico 
500 |a Los psicp̤atas, socip̤atas, antisociales y criminales en serie son objeto de un estudio cientf̕ico riguroso y detallado respecto a su patologa̕ mental y su incidencia en la responsabilidad criminal. La presente obra repasa los criterios de cientf̕icos de prestigio internacional, tanto en neuroimagen, como en psicobiologa̕, psiquiatra̕ y criminologa̕. El autor estudia desde una perspectiva sociolg̤ica y polt̕ica las conductas psicopt̀icas, sociopt̀icas y delictivas, no solo de los criminales comunes, sino tambiň de los delincuentes de cuello blanco, multinacionales y lobbies. La presente obra diferencia claramente entre lo que son psicp̤atas y antisociales, enumerando claramente las caracters̕ticas de cada patologa̕ y sus rasgos ms̀ comunes. Las Mentes Criminales son actualmente un misterio para la ciencia, y las motivaciones de sus actos son estudiadas minuciosamente en lo que afecta a fenm̤enos como el suicidio o los delitos sexuales, todo ello en relacin̤ con la genťica y la biologa̕ evolutiva. Dejamos al lector la l︢tima palabra, sobre el criterio ms̀ discutible de estos sujetos. ¿Son enfermos mentales o vulgares delincuentes? 
506 1 |a Disponible solo en los productos indicados  |d vLex Global  |d vLex Global (Academic Edition, excluding Law Schools)  |d vLex Global (U.S. Academic Edition, Law Schools)  |d vLex Global (U.S. Academic Edition, excluding Law Schools)  |d vLex Global (Academic Edition, Law Schools) 
650 0 4 |a Derecho Penal  |z Espaą 
650 0 4 |a Ciencias sociales  |z Espaą 
740 0 |a vLex Libros (Servicio en ln̕ea) 
856 4 0 |u https://app.vlex.com/#/sources/35768  |z Acceso restringido 
942 |c BOOK 
999 0 |a Criminal Law 
999 0 |a Social Sciences